| 000 | 01003nam a22002297a 4500 | ||
|---|---|---|---|
| 003 | UA-OsUOA | ||
| 001 | 49576 | ||
| 007 | ta | ||
| 008 | 20140109b un ||||| |||| 00| 0 ukr d | ||
| 090 |
_a082 _bН34 |
||
| 942 | _cBK | ||
| 040 |
_aUA-OsUOA _bukr _cUA-OsUOA _dUA-OsUOA |
||
| 245 |
_aНаукове товариство імені Т. Шевченка і українське національне відродження _bЗбірник наукових праць і матеріалів першої наукової сесії НТШ, Березень, 1990: Доповіді, повідомлення, матеріали |
||
| 300 | _a221 с. | ||
| 955 | _a1 | ||
| 041 | _aukr | ||
| 080 | _a082 | ||
| 260 |
_aЛьвів _bНаукове товариство імені Т. Шевченка _c1992 |
||
| 650 | 7 |
_a08 Видання. Колективні праці _2UDC |
|
| 999 |
_c429698 _d429698 |
||